000 00846nam a2200265 a 4500
008
020 _a1901396126 (hbk.)
049 _aMAIN
090 _aREF SB951
_bPES
245 0 4 _aThe Pesticide manual :
_ba world compendium /
_cedited by C.D.S . Tomlin.
250 _a12th ed.
260 _aFarnham :
_bBritish Crop Protection Council,
_c2000.
300 _axxvi, 1250 p. :
_bill. ;
_c24 cm.
650 0 _aPesticides.
650 0 _aAgricultural chemicals.
700 1 _aTomlin, C.D.S.
710 2 _aBritish Crop Protection Council.
710 2 _aRoyal Society of Chemistry (Great Britain).
_bInformation Services.
740 0 _aAgrochemicals handbook.
907 _a.b1014612x
_b21-05-12
_c10-01-05
003
005 20230123134511.0
040 _cNUST
942 _cBOOKS
_kREF SB951
_mPES
999 _c167010
_d167010